Music Quiz

Random Music or Song Quiz

Ebony and Ivory Songs III Quiz Stats

 Plays Quiz not verified by Sporcle

Also try: Ebony and Ivory II
Challenge
Share
Tweet
Score 0/50 Timer 18:00
0 Plays Today
Time Song Title % Correct
0:00-0:09Dancing Queen
96.9%
0:09-0:20Someone Like You
63.2%
1:08-1:19Takin' Care of Business
52.1%
3:27-3:38Mad World
41.6%
2:26-2:36Desperado
40.4%
4:36-4:45Grenade
38.8%
7:51-8:00Werewolves Of London
36.6%
3:58-4:07Great Balls of Fire
35%
2:55-3:05November Rain
33.2%
5:26-5:36Don't Do Me Like That
28.6%
3:38-3:48Somewhere Only We Know
27.5%
4:54-5:04Welcome to the Black Parade
23.5%
1:39-1:50Brick
21.4%
0:20-0:31Making Love Out of Nothing At All
20%
7:43-7:51Silly Love Songs
20%
3:05-3:17Steppin' Out
19.7%
5:36-5:46Karma Police
18.8%
0:58-1:08Boston
18.3%
5:04-5:16Sister Christian
17.5%
1:50-1:59I Don't Like Mondays
16.9%
0:31-0:39F**k You
16.5%
2:36-2:47Keep Your Head Up
14.6%
2:47-2:55When Love Takes Over
14.4%
6:36-6:45Everytime
14%
1:19-1:29Incomplete
12.9%
Time Song Title % Correct
4:16-4:26Love Theme from 'Romeo and Juliet'
12.4%
5:16-5:26A Thousand Years
12.2%
3:48-3:58Just a Kiss
11.2%
4:26-4:36Mandy
10.4%
8:00-8:10The Things We Do For Love
10%
4:45-4:54Dreaming with a Broken Heart
9.1%
1:59-2:09On Bended Knee
8.9%
3:17-3:27Locomotive Breath
8.8%
6:08-6:17Laughter In the Rain
8.7%
1:29-1:39Nights On Broadway
8.7%
4:07-4:16Skyscraper
8.2%
7:15-7:24At This Moment
7.9%
7:33-7:43Runaway
7.5%
6:45-6:53My Old School
6.1%
6:53-7:05Ours
5.7%
7:24-7:33Then Came You
5.6%
5:57-6:08Fall For You
5.4%
6:17-6:27Impossible
4.8%
5:46-5:57You Decorated My Life
3.3%
2:17-2:26Stuttering
3.2%
6:27-6:36The Lady Is a Tramp
2.5%
7:05-7:15Inside Your Heaven
2.4%
0:39-0:49Today's the Day
1.5%
2:09-2:17Happily Ever After
1.5%
0:49-0:58House of Blue Lights
1.4%

You're not logged in!

Compare scores with friends on all Sporcle quizzes.
OR
Log In

You Might Also Like...

Show Comments

Extras

Top Quizzes Today


Score Distribution

Your Account Isn't Verified!

In order to create a playlist on Sporcle, you need to verify the email address you used during registration. Go to your Sporcle Settings to finish the process.

Report this User

Report this user for behavior that violates our Community Guidelines.

Details: